Name kpop song start with the letter “O” - Statistics

General Stats
  • This quiz has been taken 5 times
  • The average score is 5 of 17
Answer Stats
Hint Answer % Correct
Nmixx O.O
100%
Snsd Oh
75%
Bts On
50%
Tws Overdrive
50%
Exo Obsession
25%
Seventeen Oh my
25%
Gidle Oh my god
25%
New jeans Omg
25%
Alpha drive one Omg
25%
Allday project One more time
25%
Rose On the ground
25%
Exo Overdose
25%
Dreamcatcher Odd eye
0%
Nct wish Ode to love
0%
Nct u Ok
0%
Bts One more night
0%
Miss A Only you
0%
No matching quizzes found
Score Distribution
Percent of People with Each Score
Percentile by Number Answered
Your Score History
You have not taken this quiz